000 00780nam a2200229 a 4500
001 24774
003 CO-ViMGA
005 20230915232017.0
008 141112s2004 ck r 000 u spa d
015 _ack - 1998 - xxxx
035 _aAGL4165 LA
040 _aCO-ViMGA
_bspa
_cCO-ViMGA
041 _aspa
082 0 4 _aI808.81 C83a
245 1 0 _aCuentos de animales fantásticos para niños /
_cilustraciones Tina Samper.
260 _aSanta Fe de Bogotá :
_bMinisterio de Educación Nacional,
_cINCI,
_cCerlalc,
_c1998.
300 _a44 p. : il. ; 28 cm.
650 1 4 _aCuentos infantiles - Colecciones.
_92468
700 1 _aSamper, Tina, il.
_937000
942 _2ddc
_cBK
999 _c32576
_d32576